00489nam a22001817a 450000500170000001000140001702000180003103500130004903700130006208200140007524500200008926000640010927000520017330000290022550000190025494200170027399900170029020100722105056.0 aENG-96759 a9780070678750 aEN-80292 bDBAD/PUB a629.8-VAR aControl Systems aNew delhibTata McGraw Hill Education Private Limitedc2010 a7 west Patel Nager, New Delhi 110008bNew Delhi axvii, 793 pc23 cm (pbk) aIncludes index 2ddccENmVAR c37155d37155